000
00293nam a2200121Ia 4500
008
220216s9999 xx 000 0 und d
100
_a
Joseph M
245
0
_a
Rubberinu sasthreeya valaprayogam
260
_b
Rubber
_c
2021
300
_a
12-Jun
650
_a
Fertilizer application
942
_c
JS
999
_c
68251
_d
68251